[Event "Oceania Zonal"]
[Site "Rotorua NZL"]
[Date "2011.01.26"]
[Round "3.22"]
[White "Bishop,Joshua"]
[Black "Voon,R"]
[Result "0-1"]
[WhiteElo "1797"]
[BlackElo "1904"]

1.e4 c5 2.c3 Nf6 3.e5 Nd5 4.d4 cxd4 5.cxd4 Nc6 6.Nf3 d6 7.Bc4 e6 8.O-O Be7
9.a3 O-O 10.b4 Nb6 11.Bb3 Re8 12.Bb2 d5 13.Nc3 Nd7 14.Bc2 Nf8 15.Qd3 Bd7
16.Nd2 Bxb4 17.f4 Bxc3 18.Bxc3 a5 19.Rf3 Ne7 20.a4 Rc8 21.Bb2 Rc6 22.Raf1 Qc7
23.Bb1 Rc8 24.Ba3 Nf5 25.Bxf8 Kxf8 26.g4 Nh4 27.Qa3+ Kg8 28.Bxh7+ Kxh7 29.Rh3 Kg8
30.Rxh4 Rc3 31.Qe7 Qd8 32.Qxd8+ Rxd8 33.Rb1 Rd3 34.Nb3 b6 35.Kf2 Rc8 36.Ke2 Rdc3
37.Nd2 R8c6 38.g5 g6 39.Rg4 Ra3 40.Rg3 Rxa4 41.Rgb3 Rxd4 42.Ke3 Ra4 43.Rxb6 Rc3+
44.Ke2 Rxf4 45.Rb8+ Bc8 46.Ra8 Rb4 47.Rxa5 Rxb1 48.Nxb1 Rc1 49.Nd2 Kg7 50.Ra7 Rc6
51.Nf3 Ba6+ 52.Kd2 Bf1 53.Nd4 Rb6 54.Kc3 Bh3 55.Ra1 Bf5 56.Rc1 Rb8 57.Nc6 Rh8
58.Kd4 Rxh2 59.Nd8 Kf8 60.Rc7 Rh7 61.Kc5 Ke8 62.Nc6 Rh5 63.Kd6 Kf8 64.Nd8 Rxg5
65.Rxf7+ Kg8 66.Ke7 Bg4 67.Rf8+ Kg7 68.Rf7+ Kh6 69.Rf4 Kh5 70.Nf7 Rf5 71.Rxg4 Kxg4
72.Nh6+ Kf4 73.Nxf5 Kxf5  0-1

[Event "ch-CRO"]
[Site "Marija Bistrica CRO"]
[Date "2011.01.27"]
[Round "11.6"]
[White "Stevic,H"]
[Black "Saric,Iv"]
[Result "1/2-1/2"]
[WhiteElo "2621"]
[BlackElo "2609"]

1.e4 c5 2.c3 Nf6 3.e5 Nd5 4.d4 cxd4 5.Nf3 Nc6 6.cxd4 d6 7.Bc4 Nb6 8.Bb5 Bd7
9.exd6 e6 10.Bg5 Qb8 11.O-O Bxd6 12.Nc3 O-O 13.a3 h6 14.Be3 Ne7 15.Bxd7 Nxd7
16.d5 e5 17.Qa4 Rd8 18.Rad1 a6 19.Qh4 b5 20.Nd2 f5 21.Bxh6 gxh6 22.Qxh6 Rf8
23.Nde4 fxe4 24.Nxe4 Nf5 25.Qe6+ Rf7 26.Ng5 Qf8 27.Nxf7 Qxf7 28.g4 Nc5 29.Qxf5 Qxf5
30.gxf5 Kf7 31.f3 Kf6 32.Kf2 Kxf5 33.h4 Rh8 34.Rh1 Rh5 35.Ke3 Nb3 36.Kf2 a5
37.Rd3 a4 38.Rc3 e4 39.fxe4+ Kxe4 40.Re3+ Kxd5 41.Kf3 Re5 42.Rd1+ Nd4+ 43.Kf2 Rh5
44.Rh3 Bf4 45.b3 Bg5 46.bxa4 bxa4 47.Kg3 Be7 48.Kg4 Rh8 49.h5 Rg8+ 50.Kf4 Bg5+
51.Kg3 Ke4 52.Kh2 Bf4+ 53.Kh1 Nf5 54.Re1+ Kd4 55.Rb1 Ng3+ 56.Kg2 Ne4+ 57.Kf3 Bd2
58.Ke2 Rg2+ 59.Kf1 Rg3 60.Rxg3 Nxg3+ 61.Kf2 Nxh5 62.Rb8 Kc4 63.Ke2 Bc3 64.Kd1 Nf6
65.Kc2 Ba5 66.Rh8 Ne4 67.Ra8 Kb5 68.Rb8+ Bb6 69.Kd3 Nd6 70.Kc2 Nc4 71.Kc3 Nxa3
72.Rxb6+ Kxb6 73.Kb4 Nb5  1/2-1/2

[Event "Oceania Zonal"]
[Site "Rotorua NZL"]
[Date "2011.01.28"]
[Round "5.22"]
[White "Bishop,Joshua"]
[Black "Goundar,S"]
[Result "0-1"]
[WhiteElo "1797"]
[BlackElo "1904"]

1.e4 c5 2.c3 Nf6 3.e5 Nd5 4.d4 cxd4 5.cxd4 e6 6.Nf3 b6 7.Bb5 Ba6 8.Bxa6 Nxa6
9.a3 Rc8 10.O-O b5 11.Bd2 d6 12.Nc3 Nac7 13.Bg5 Be7 14.Bxe7 Qxe7 15.Ne4 dxe5
16.dxe5 O-O 17.Nd6 Rb8 18.Rc1 Rfd8 19.Nd4 Qg5 20.Nc6 Nf4 21.Qf3 Ncd5 22.Nxb8 Rxb8
23.Rfe1 h5 24.Kh1 Qg6 25.Re4 Qg5 26.Qg3 Qh6 27.Rce1 g5 28.Qf3 a6 29.Kg1 Rd8
30.b4 f5 31.Rd4 Rf8 32.Qd1 Nc3 33.Qc2 Ncd5 34.Qc6 h4 35.Qxa6 Qh5 36.Qxb5 Nc3
37.Qf1 Nce2+ 38.Kh1 Nxd4 39.b5 h3 40.Qc4 hxg2+ 41.Kg1 Nf3+  0-1

[Event "TCh-CAT Div Hon"]
[Site "Barcelona ESP"]
[Date "2011.01.29"]
[Round "1"]
[White "Asis Gargatagli,H"]
[Black "Baron Isanta,J"]
[Result "1-0"]
[WhiteElo "2420"]
[BlackElo "2363"]

1.e4 c5 2.c3 Nf6 3.e5 Nd5 4.Nf3 Nc6 5.Bc4 Nb6 6.Bb3 c4 7.Bc2 d6 8.exd6 Qxd6
9.O-O Bg4 10.h3 Bh5 11.Qe2 Bg6 12.Bxg6 hxg6 13.Na3 Qd3 14.Re1 e6 15.b3 Qxe2
16.Rxe2 Bxa3 17.Bxa3 Rh5 18.Bd6 cxb3 19.axb3 Rb5 20.Ra3 Rd8 21.Be5 Nxe5 22.Nxe5 a6
23.d4 Nd7 24.Nd3 Rb6 25.b4 Kf8 26.g3 Rc6 27.Nc5 Rc7 28.Kg2 Nxc5 29.bxc5 Rd5
30.f4 g5 31.fxg5 Rxg5 32.Rb3 Rd5 33.Reb2 Rdd7 34.Rb6 g6 35.Kf2 Kg7 36.Ke3 Kh6
37.Ke4 Kg7 38.c4 Kf8 39.h4 Ke7 40.g4 Kf8 41.Ke5 Kg7 42.g5 Kf8 43.Rd6 Ke8
44.Rb3 Kd8 45.Rf3 Ke8 46.Rb3 Kd8 47.Rbb6 Kc8 48.c6 Rxc6 49.Rdxc6+ bxc6 50.Rxa6 Kb7
51.Ra3 Kb8 52.Rh3 Kc7 53.h5 gxh5 54.Rxh5 Kb6 55.Rh8 Kb7 56.Rh7 Ka6 57.Kf6 Rxd4
58.Rxf7 Rxc4 59.g6 Rg4 60.g7 e5 61.Ke6 c5 62.Kf5 c4  1-0

[Event "Frauenbundesliga 1st Div 2010-11"]
[Site "Germany GER"]
[Date "2011.01.29"]
[Round "6.3"]
[White "Kiefhaber,V"]
[Black "Fojudzka,Anna"]
[Result "1/2-1/2"]
[WhiteElo "2242"]
[BlackElo "2221"]

1.e4 c5 2.c3 Nf6 3.e5 Nd5 4.Nf3 d6 5.Bc4 e6 6.d4 cxd4 7.cxd4 Nb6 8.Bd3 Nc6
9.O-O Be7 10.a3 O-O 11.Nc3 dxe5 12.dxe5 Nd7 13.Bf4 Nc5 14.Bc2 Qxd1 15.Rfxd1 a5
16.Rac1 b6 17.Ne4 Ba6 18.Nxc5 bxc5 19.Be4 Rac8 20.Rd7 Rfe8 21.h4 h6 22.Be3 Be2
23.Bf4 Ba6 24.g3 Be2 25.h5 Kf8 26.Kg2 Red8 27.Rxd8+ Nxd8 28.Bd2 a4 29.Be3 Bb5
30.Nd2 Rc7 31.Nb1 Bd7 32.Nc3 Nb7 33.Bc2 Na5 34.Bxa4 Nc4 35.Rd1 Bxa4 36.Nxa4 Nxe5
37.Nb6 Rb7 38.Bf4 Rxb6 39.Bxe5 f6 40.Bc3 Ke8 41.Kf3 Bd6 42.g4 Ke7 43.Ke3 Ra6
44.f3 Ra4 45.Ra1 Bf4+ 46.Kd3 Bd6 47.b3 c4+ 48.bxc4 Rxa3 49.Rxa3 Bxa3 50.f4 Bc5
51.g5 hxg5 52.fxg5 e5 53.g6 Ke6 54.Ke4 Bd6 55.Bd2 f5+ 56.Kf3 e4+ 57.Ke2 Be5
58.Bg5  1/2-1/2

[Event "Frauenbundesliga 1st Div 2010-11"]
[Site "Germany GER"]
[Date "2011.01.29"]
[Round "6.1"]
[White "Mader,Ma"]
[Black "Majdan,J"]
[Result "1/2-1/2"]
[WhiteElo "2192"]
[BlackElo "2359"]

1.e4 c5 2.c3 Nf6 3.e5 Nd5 4.Nf3 Nc6 5.Bc4 Nb6 6.Bb3 d5 7.exd6 c4 8.Bc2 e5
9.d4 cxd3 10.Qxd3 Qxd6 11.O-O Be6 12.Re1 f6 13.Be3 Qc7 14.Bb3 Rd8 15.Qe4 Nd5
16.Nd4 Nxd4 17.cxd4 f5 18.Qd3 e4 19.Qb5+ Kf7 20.Nc3 a6 21.Nxd5 Rxd5 22.Qe2 Bd6
23.Rac1 Qb8 24.Bxd5 Bxd5 25.g3 Bxa2 26.Qd2 Bd5 27.Bf4 Bxf4 28.gxf4 Rd8 29.Rc5 Qd6
30.Rec1 Rd7 31.Qe3 Qg6+ 32.Kf1 Bc6 33.Qb3+ Kf8 34.Qb4 Kf7 35.Qb3+ Kf8 36.Qb4 Kf7
37.Qb3+ Kf8  1/2-1/2

[Event "LCK Winter Cup 2011"]
[Site "Lviv UKR"]
[Date "2011.01.29"]
[Round "5.6"]
[White "Soroka,Maksym"]
[Black "Koptsiukh,V"]
[Result "0-1"]
[WhiteElo "2007"]
[BlackElo "2084"]

1.e4 c5 2.c3 Nf6 3.e5 Nd5 4.d4 cxd4 5.cxd4 d6 6.Bc4 dxe5 7.dxe5 e6 8.Nf3 Be7
9.O-O Nc6 10.Bxd5 Qxd5 11.Qxd5 exd5 12.Rd1 Be6 13.Nc3 Rd8 14.Nb5 O-O 15.Be3 a6
16.Nbd4 Rc8 17.Nxe6 fxe6 18.Rac1 Rf5 19.Bd4 Rcf8 20.Bc3 Bc5 21.Rc2 g5 22.h3 h5
23.Be1 Bb6 24.Re2 Kh7 25.Bd2 Kg6 26.Be3 Bc7 27.Bc5 R8f7 28.Rde1 Rf4 29.b3 Ba5
30.Rd1 Bc3 31.h4 gxh4 32.Be3 Rg4 33.Nh2 Re4 34.f4 d4 35.Nf3 Rxe3 36.Nxh4+ Kg7
37.Rc2 Rxf4 38.Nf3 Nxe5 39.Nxe5 Rxe5 40.Rd3 Re1+ 41.Kh2 e5 42.Rh3 Kg6 43.g3 Rff1
44.Rh4 Rh1+ 45.Kg2 Rxh4 46.gxh4 e4 47.Kf2 Rd1 48.Kg3 Rd2 49.Rc1 Rxa2 50.Kf4 e3
51.Rg1+ Kf6 52.Rg8 e2 53.Rf8+ Ke7 54.Rf5 e1=Q  0-1

[Event "ch-AZE"]
[Site "Baku AZE"]
[Date "2011.01.30"]
[Round "10.5"]
[White "Mammadov,Z"]
[Black "Abasov,N"]
[Result "1/2-1/2"]
[WhiteElo "2443"]
[BlackElo "2486"]

1.e4 c5 2.c3 Nf6 3.e5 Nd5 4.Nf3 Nc6 5.d4 cxd4 6.cxd4 d6 7.Bc4 Nb6 8.Bb5 dxe5
9.Nxe5 Bd7 10.Bxc6 Bxc6 11.Nxc6 bxc6 12.O-O e6 13.Nc3 Be7 14.Bf4 O-O 15.Rc1 Rc8
16.Be5 Nd5 17.Ne4 Nf6 18.Nxf6+ Bxf6 19.Bxf6 Qxf6 20.Qa4 Rfd8 21.Rfd1 g6 22.h3 Rd7
23.Rxc6 Rxc6 24.Qxc6 Rxd4 25.Rxd4 Qxd4 26.Qb7 Qd1+ 27.Kh2 Qd4 28.Kg1 Qd1+
29.Kh2 Qd4 30.Kg1 Qd1+  1/2-1/2

[Event "ch-CRO w"]
[Site "Topusko CRO"]
[Date "2011.01.30"]
[Round "1.3"]
[White "Racki,B"]
[Black "Berke,A"]
[Result "0-1"]
[WhiteElo "1860"]
[BlackElo "2163"]

1.e4 c5 2.c3 Nf6 3.e5 Nd5 4.d4 cxd4 5.Nf3 Nc6 6.cxd4 d6 7.Bc4 Nb6 8.Bb5 dxe5
9.Nxe5 Bd7 10.Nxd7 Qxd7 11.Nc3 e6 12.O-O Rd8 13.Bxc6 bxc6 14.Bg5 Be7 15.Bxe7 Qxe7
16.Qg4 O-O 17.Rfd1 Qb4 18.Rac1 Qxb2 19.Ne2 Nd5 20.Ng3 Nf6 21.Qf4 Qxa2 22.Rxc6 Qd5
23.Ra6 e5 24.Qg5 h6 25.Qc1 exd4 26.Rxa7 d3 27.Rc7 d2 28.Qc2 Rfe8 29.Kf1 Ng4
30.Rc3 Qb5+ 31.Kg1 Re1+  0-1

[Event "Moscow Open F Women"]
[Site "Moscow RUS"]
[Date "2011.01.31"]
[Round "3.45"]
[White "Mokshanova,Elizaveta"]
[Black "Schepetkova,M"]
[Result "1/2-1/2"]
[WhiteElo "1711"]
[BlackElo "2148"]

1.e4 c5 2.c3 Nf6 3.e5 Nd5 4.d4 cxd4 5.Nf3 Nc6 6.cxd4 d6 7.Bc4 Nb6 8.Bb5 dxe5
9.Nxe5 Bd7 10.Nxd7 Qxd7 11.O-O e6 12.Nc3 Be7 13.Qg4 Bf6 14.Rd1 a6 15.Bxc6 Qxc6
16.Bg5 Bxg5 17.Qxg5 O-O 18.d5 exd5 19.Nxd5 Nxd5 20.Rxd5 h6 21.Qd2 Rac8 22.Rd6 Qc4
23.b3 Qc2 24.Rd1 Rfe8 25.Kf1 Qf5 26.Rd5 Qg6 27.Rd6 Qh5 28.h3 Qe5 29.Kg1 Rc7
30.Rd8 Rxd8 31.Qxd8+ Kh7 32.Qd3+ g6 33.g3 h5 34.Qd6 Qe2 35.Qxc7 Qxd1+ 36.Kh2 Qd5
37.Qf4 Kg7 38.h4 Kf8 39.f3 Ke7 40.Qe3+ Kd7 41.Kg2 Qd1 42.Qf2 Kc6 43.Qb2 Qd5
44.Qc3+ Kb5 45.a4+ Kb6 46.b4 a5 47.bxa5+ Ka6 48.Qb4 Qxa5 49.Qc4+ Ka7 50.Qxf7 Qd2+
51.Kh3 Qd1 52.g4 hxg4+ 53.Kxg4 Qg1+ 54.Kf4 Qh2+  1/2-1/2

[Event "Gibraltar Masters"]
[Site "Caleta ENG"]
[Date "2011.02.01"]
[Round "8.17"]
[White "Battaglini,G"]
[Black "Kacheishvili,G"]
[Result "0-1"]
[WhiteElo "2437"]
[BlackElo "2585"]

1.e4 c5 2.c3 Nf6 3.e5 Nd5 4.d4 cxd4 5.cxd4 d6 6.f4 dxe5 7.fxe5 Nc6 8.Nc3 Bf5
9.a3 e6 10.Nf3 Be7 11.Bd3 Bg4 12.O-O Rc8 13.h3 Bh5 14.g4 Bg6 15.Bxg6 hxg6
16.Kg2 Nxc3 17.bxc3 Qd5 18.Qe2 Na5 19.Rb1 Rxc3 20.Rb5 Qd8 21.d5 a6 22.Bd2 Rc2
23.Rxa5 Qxa5 24.d6 Bxd6 25.exd6 Qd5 26.Rf2 Qxd6 27.Qe4 Qc6 28.Qxc6+ bxc6
29.Ne5 c5 30.Be3 Rc3 31.Bd2 Rcxh3 32.Nf3 e5 33.Re2 f6 34.Bf4 Kd7 35.Bg3 Rh1
36.Ne1 R1h7 37.Nd3 c4 38.Nc5+ Kc6 39.Nxa6 Rd8 40.Bf2 Kb5 41.Nc7+ Ka4 42.Re4 Kb3
43.Re3+ Kb2 44.Nb5 Rd3 45.a4 Rxe3 46.Bxe3 c3 47.a5 Rh8 48.a6 c2 49.Nc7 c1=Q
50.Bxc1+ Kxc1 51.a7 e4 52.a8=Q Rxa8 53.Nxa8 e3 54.Kf3 Kd2 55.Nb6 e2 56.Nc4+ Kc3  0-1

[Event "Gibraltar Masters"]
[Site "Caleta ENG"]
[Date "2011.02.01"]
[Round "8.51"]
[White "Tscharotschkin,M"]
[Black "Jones,RS"]
[Result "1/2-1/2"]
[WhiteElo "2181"]
[BlackElo "2361"]

1.e4 c5 2.c3 Nf6 3.e5 Nd5 4.d4 cxd4 5.Nf3 Nc6 6.Bc4 Nb6 7.Bb3 d5 8.exd6 Qxd6
9.Na3 dxc3 10.O-O Qxd1 11.Rxd1 Bg4 12.Nb5 Rc8 13.bxc3 Bxf3 14.gxf3 a6 15.Be3 Nd7
16.Na7 Nxa7 17.Bxa7 e6 18.c4 Nc5 19.Bxc5 Bxc5 20.Ba4+ Ke7 21.Rd7+ Kf6 22.Rxb7 Rhd8
23.Bd7 Rb8 24.Rab1 Rxb7 25.Rxb7 Ke5 26.Kf1 Kd4 27.Ba4 Kxc4 28.Bb3+ Kc3 29.Rxf7 Rd2
30.Rc7 Kb4 31.Ke1 Rb2 32.Rxg7 Rxf2 33.Rxh7 Rxf3 34.Rh4+ Kb5 35.Bc4+ Kc6 36.Re4 Re3+
37.Rxe3 Bxe3 38.Bxa6 Kd6 39.Ke2 Bb6 40.Kd3 Ke7  1/2-1/2

[Event "Moscow Open F Women"]
[Site "Moscow RUS"]
[Date "2011.02.01"]
[Round "4.23"]
[White "Medvedeva,A"]
[Black "Petrukhina,I"]
[Result "0-1"]
[WhiteElo "1921"]
[BlackElo "2190"]

1.e4 c5 2.c3 Nf6 3.e5 Nd5 4.d4 cxd4 5.cxd4 d6 6.f4 Nc6 7.Nc3 dxe5 8.dxe5 e6
9.Bc4 Bb4 10.Ne2 O-O 11.Bxd5 exd5 12.O-O Bg4 13.h3 Bc5+ 14.Kh2 d4 15.Qe1 Bxe2
16.Nxe2 Nb4 17.Qd1 d3 18.Nc3 Qd7 19.Bd2 Nc2 20.Rc1 Rfd8 21.Ne4 Bd4 22.Rxc2 dxc2
23.Qxc2 Qb5 24.Rf3 Qxb2 25.Qd1 Qa1 26.Qxa1 Bxa1 27.Nd6 f6 28.Bc3 Bxc3 29.Rxc3 fxe5
30.fxe5 Rd7 31.Kg3 Rf8 32.Rc1 Re7 33.Re1 g6 34.Re4 b6 35.Nb5 Rf5  0-1

[Event "Moscow Open F Women"]
[Site "Moscow RUS"]
[Date "2011.02.02"]
[Round "5.24"]
[White "Pustovoitova,D"]
[Black "Abdumalik,Z"]
[Result "1-0"]
[WhiteElo "2331"]
[BlackElo "1938"]

1.e4 c5 2.c3 Nf6 3.d3 Qc7 4.f4 d6 5.Nf3 Nc6 6.g3 g6 7.Bg2 Bg7 8.O-O O-O 9.Kh1 Rb8
10.a4 a6 11.Be3 b5 12.axb5 Rxb5 13.Qc2 Ng4 14.Bc1 e6 15.Na3 Rb8 16.h3 Nf6
17.Be3 Nh5 18.Kh2 f5 19.Ng1 Nf6 20.Nc4 Re8 21.Nxd6 Qxd6 22.e5 Qc7 23.exf6 Bxf6
24.Bxc5 Nb4 25.cxb4 Rxb4 26.Rac1 Rxb2 27.Qc4 Bb7 28.Rf2 Bxg2 29.Rxg2 Qb7
30.Rxb2 Qxb2+ 31.Rc2 Qb7 32.Ne2 Kf7 33.Bd4 Be7 34.Bb2 Qd7 35.Nd4 Bd6 36.Nf3 h6
37.Qd4 Re7 38.Qg7+ Ke8 39.Qg8+  1-0

[Event "Gibraltar Masters"]
[Site "Caleta ENG"]
[Date "2011.02.03"]
[Round "10.67"]
[White "Spence,D"]
[Black "Sreeves,C"]
[Result "0-1"]
[WhiteElo "2231"]
[BlackElo "2093"]

1.e4 c5 2.c3 Nf6 3.e5 Nd5 4.d4 cxd4 5.cxd4 d6 6.Nf3 Nc6 7.Bc4 Nb6 8.Bb3 dxe5
9.d5 Na5 10.Nc3 Nxb3 11.Qxb3 e6 12.Nxe5 exd5 13.Be3 Bd6 14.Qb5+ Kf8 15.Nf3 Bd7
16.Qb3 Be6 17.Nd4 Nc4 18.Qxb7 Qc8 19.Qxc8+ Rxc8 20.O-O-O Ba3 21.bxa3 Nxe3
22.Rd3 Nxg2 23.Kb2 g6 24.Rg1 Nh4 25.Re1 Rb8+ 26.Ka1 Re8 27.Ncb5 Re7 28.Nc6 Rb7
29.Nbxa7 Kg7 30.a4 Ra8 31.a5 Rbxa7 32.Nxa7 Rxa7 33.Ra3 Nf5 34.Rb1 Nd6 35.a6 Bc8
36.Ra5 Nc4 37.Rxd5 Rxa6 38.Rd4 Be6 39.Rb4 Ne5 40.Ra4 Rc6 41.f4 Nf3 42.Rd1 Nxh2
43.Ra8 Nf3 44.a4 Rc2 45.a5 Nd2  0-1

[Event "16th HIT Open"]
[Site "Nova Gorica SLO"]
[Date "2011.02.03"]
[Round "9"]
[White "Mestrovic,Z"]
[Black "Kolaric,S"]
[Result "1-0"]
[WhiteElo "2399"]
[BlackElo "2049"]

1.e4 c5 2.c3 Nf6 3.e5 Nd5 4.d4 cxd4 5.Nf3 d6 6.Bc4 Nb6 7.Bb3 dxe5 8.Nxe5 e6
9.O-O Be7 10.cxd4 O-O 11.Nc3 Nc6 12.Be3 Nb4 13.Qf3 N4d5 14.a4 a5 15.Rac1 Nxc3
16.bxc3 Qe8 17.Ra1 f6 18.Nd3 Qc6 19.Nf4 Qxf3 20.gxf3 Kf7 21.Rfe1 g5 22.d5 gxf4
23.Bxb6 Bd6 24.dxe6+ Ke7 25.Bd5 Rg8+ 26.Kf1 Rg5 27.c4 Ra6 28.Bd4 b6 29.Re4 Be5
30.Bxe5 fxe5 31.h4 Rh5 32.Rb1 Rxh4 33.Ke2 Rh5 34.Kd2 Kd6 35.Rb5 Rg5 36.Kd3 h5
37.Re1 h4 38.Ke4 Bxe6 39.Bxe6 Kxe6 40.Rd1 h3 41.Rd8 Rh5 42.Re8+ Kf6 43.Rexe5 Rxe5+
44.Rxe5 Ra7 45.Rh5 Rc7 46.Kd3 Rd7+ 47.Kc3 Rd1 48.Rxh3 Rc1+ 49.Kd4 Ra1 50.Rh6+ Ke7
51.Rxb6 Rxa4 52.Ra6 Ra3 53.Ke5 Rc3 54.Ra7+ Kd8 55.Kd5 Rxf3 56.Kd6 Kc8 57.Kc6 Kb8
58.Rb7+ Ka8 59.Rb2 a4 60.Rb5 Rxf2 61.Kc7  1-0

[Event "Moscow Open F Women"]
[Site "Moscow RUS"]
[Date "2011.02.04"]
[Round "7.37"]
[White "Smirnova,Ek"]
[Black "Aseeva,A"]
[Result "1/2-1/2"]
[WhiteElo "2018"]
[BlackElo "1807"]

1.e4 c5 2.c3 Nf6 3.e5 Nd5 4.Nf3 e6 5.d4 cxd4 6.cxd4 b6 7.Bc4 Bb7 8.O-O Be7
9.Bxd5 Bxd5 10.Nc3 Bb7 11.d5 exd5 12.Nxd5 O-O 13.Bf4 Na6 14.Re1 Rc8 15.a3 Nc5
16.Rc1 Bc6 17.Bg3 Ne6 18.b4 a5 19.Nxe7+ Qxe7 20.bxa5 bxa5 21.Qd3 Qd8 22.Nd4 Nxd4
23.Qxd4 a4 24.Qg4 Qe7  1/2-1/2

[Event "ch-TUR"]
[Site "Kemer-Antalya TUR"]
[Date "2011.02.05"]
[Round "1"]
[White "Celebi,O"]
[Black "Erdogan,H"]
[Result "0-1"]
[WhiteElo "1944"]
[BlackElo "2234"]

1.e4 c5 2.c3 Nf6 3.e5 Nd5 4.d4 Nc6 5.Nf3 d6 6.Bc4 Nb6 7.Bb5 a6 8.Bxc6+ bxc6
9.exd6 cxd4 10.Qxd4 exd6 11.O-O c5 12.Qe4+ Be7 13.Re1 Be6 14.Bg5 O-O 15.Bxe7 Qxe7
16.Nbd2 Rfe8 17.Qc6 Rab8 18.Qe4 Qd7 19.Qf4 Nd5 20.Qg3 Nf6 21.b3 d5 22.Rad1 Bf5
23.Rxe8+ Rxe8 24.Re1 Rxe1+ 25.Nxe1 h6 26.h3 Qe6 27.Qe3 g5 28.Nef3 Nd7 29.Nf1 a5
30.Ng3 Bb1 31.Qd2 Be4 32.Qe3 f5 33.Qe2 f4 34.Nf1 Kf7 35.N1d2 Bxf3 36.Qxf3 Qe1+
37.Nf1 Nf6 38.Qd3 Kg7 39.a3 Kf7 40.g3 fxg3 41.Qxg3 Ne4 42.Qf3+ Kg6 43.Kg2 Qxc3
44.Ne3 Qe5 45.Qf8 Qe6 46.Ng4 Kh7 47.f3 Nd6 48.Qf6 Qxf6 49.Nxf6+ Kg7 50.Nxd5 Nb5
51.b4 cxb4 52.axb4 a4 53.Ne3 Kf6 54.Kf2 Ke5 55.Ke2 a3 56.Kd3 Kf4 57.Nc2 a2
58.Kc4 Na3+ 59.Nxa3 a1=Q 60.Nb5 Qf1+ 61.Kc5 Qf2+ 62.Kc4 Qe2+ 63.Kc5 Ke5 64.Nc7 Qe3+
65.Kb5 Qxf3  0-1

[Event "1st Open"]
[Site "Cento ITA"]
[Date "2011.02.06"]
[Round "2"]
[White "Boscolo,F"]
[Black "Solomon,K"]
[Result "1-0"]
[WhiteElo "2196"]
[BlackElo "2425"]

1.e4 c5 2.c3 Nf6 3.e5 Nd5 4.Nf3 e6 5.d4 cxd4 6.cxd4 d6 7.Bc4 Nc6 8.O-O Be7
9.Qe2 O-O 10.Nc3 Nxc3 11.bxc3 dxe5 12.dxe5 b6 13.Qe4 Bb7 14.Bh6 Re8 15.Rfe1 Qc7
16.Bd3 g6 17.Qf4 Rad8 18.Bc4 a6 19.Ng5 Bf8 20.Bxf8 Rxf8 21.Re3 h5 22.Rae1 Nd4
23.Bd3 Nf5 24.Bxf5 exf5 25.Qg3 Qc6 26.Nf3 Qc4 27.Nd4 Kh7 28.e6 Rfe8 29.Qg5 fxe6
30.Nxe6 Rd7 31.Nf4 Qf7 32.h4 Re4 33.f3 Rxe3 34.Rxe3 b5 35.Re6 Bd5 36.Rxg6 Bb7
37.Re6  1-0

[Event "ch-TUR"]
[Site "Kemer-Antalya TUR"]
[Date "2011.02.06"]
[Round "3"]
[White "Onay,E"]
[Black "Bagci,H"]
[Result "0-1"]
[WhiteElo "1951"]
[BlackElo "1873"]

1.e4 c5 2.c3 Nf6 3.e5 Nd5 4.d4 e6 5.Bc4 Nb6 6.Bb3 c4 7.Bc2 Nc6 8.Nf3 d6 9.exd6 Bxd6
10.O-O Qc7 11.Re1 Ne7 12.Nbd2 Bd7 13.Ne4 Bf4 14.Bxf4 Qxf4 15.Ne5 O-O 16.g3 Qh6
17.Ng4 Qg6 18.Nef6+ gxf6 19.Bxg6 fxg6 20.Qf3 h5 21.Ne3 Ned5 22.Ng2 Kg7 23.Nf4 Rae8
24.Qe4 Nxf4 25.Qxf4 Bc6 26.b3 Nd5 27.Qd6 Nxc3 28.bxc4 Ne4 29.Qb4 Ng5 30.Red1 Nf3+
31.Kf1 Nxh2+ 32.Ke1 h4 33.Rd3 hxg3 34.fxg3 Rf7 35.Qb2 Ng4 36.Qe2 f5 37.Qb2 Kg8
38.Kf1 Rh7 39.Qc3 Be4 40.Rdd1 Bf3 41.Ke1 Rh1+ 42.Kd2 Rh2+ 43.Kc1 Bxd1 44.Kxd1 Nf2+
45.Kc1 Ne4 46.Qb3 Re7 47.Rb1 Rg2 48.Qa3 Rh7  0-1

[Event "ch-TUR"]
[Site "Kemer-Antalya TUR"]
[Date "2011.02.06"]
[Round "3"]
[White "Okus,M"]
[Black "Olcum,Berk"]
[Result "1/2-1/2"]
[WhiteElo "1899"]
[BlackElo "1844"]

1.e4 c5 2.c3 Nf6 3.e5 Nd5 4.d4 cxd4 5.Nf3 e6 6.cxd4 d6 7.Bc4 Nc6 8.O-O Be7
9.Bd2 O-O 10.Nc3 Nxc3 11.Bxc3 b6 12.d5 Nxe5 13.Nxe5 dxe5 14.Bxe5 Bf6 15.Qd4 Bxe5
16.Qxe5 Qf6 17.Qc7 e5 18.d6 Bf5 19.Ba6 Rad8 20.Rfd1 Rd7 21.Qc6 Qg6 22.Bc8 Be4
23.Qxe4 Qxe4 24.Bxd7 Qb7 25.Bg4 g6 26.Rac1 Rd8 27.Rc7 Qa6 28.Bf3 Kf8 29.a3 b5
30.Rc6 Qa4 31.Rd5 b4 32.Rxe5 bxa3 33.bxa3 Qxa3 34.Rd5 Qa4 35.Rdc5 Qa1+ 36.Rc1 Qe5
37.Rd1 a5 38.g3 a4 39.Rd5 Qf6 40.Kg2 a3 41.Ra6 a2 42.Rxa2 Rxd6 43.Rad2 Rxd5
44.Rxd5 Qe6 45.h4 h5  1/2-1/2

[Event "ch-TUR"]
[Site "Kemer-Antalya TUR"]
[Date "2011.02.06"]
[Round "3"]
[White "Celebi,O"]
[Black "Tahaoglu,Ugur Barkin"]
[Result "1-0"]
[WhiteElo "1944"]
[BlackElo "1834"]

1.e4 c5 2.c3 Nf6 3.e5 Nd5 4.d4 cxd4 5.cxd4 d6 6.Nf3 Nc6 7.Bc4 Nb6 8.Bb5 dxe5
9.Nxe5 Bd7 10.Nc3 Nxe5 11.dxe5 Bxb5 12.Qxd8+ Rxd8 13.Nxb5 a6 14.Nc3 Nd5 15.O-O Nxc3
16.bxc3 e6 17.Be3 Rd5 18.Rfb1 b5 19.a4 Be7 20.axb5 axb5 21.Ra8+ Bd8 22.Bd4 O-O
23.Rb8 Bc7 24.R8xb5 Rfd8 25.Rxd5 exd5 26.Rb7 Rc8 27.f4 Kf8 28.Kf2 Ba5 29.Rb3 Ke7
30.Ke3 Rc7 31.Kd3 h5 32.Rb5 Bxc3 33.Bxc3 Ke6 34.g3 Rc4 35.Rb6+ Kf5 36.Rd6 Kg4
37.Rxd5 Rc7 38.e6 fxe6 39.Rg5+ Kf3 40.Rxh5 Rd7+ 41.Bd4 Rd6 42.Rg5 Kg2 43.h4 Ra6
44.Rxg7 Ra3+ 45.Ke4  1-0

[Event "Moscow Open F Women"]
[Site "Moscow RUS"]
[Date "2011.02.06"]
[Round "9.20"]
[White "Medvedeva,A"]
[Black "Travkina,A"]
[Result "1-0"]
[WhiteElo "1921"]
[BlackElo "2189"]

1.e4 c5 2.c3 Nf6 3.e5 Nd5 4.d4 cxd4 5.cxd4 d6 6.f4 Qa5+ 7.Nc3 Nxc3 8.Qd2 g5
9.Qxc3 Qxc3+ 10.bxc3 gxf4 11.exd6 exd6 12.Bxf4 Be6 13.Nf3 Nd7 14.Bd3 Rc8
15.Bd2 h5 16.O-O Bh6 17.Rae1 Kd8 18.Ng5 Bxg5 19.Bxg5+ Kc7 20.c4 d5 21.Bf4+ Kd8
22.c5 Nb8 23.Rb1 Nc6 24.Rxb7 Rg8 25.Be3 Rc7 26.Rxc7 Kxc7 27.Rb1 Bc8 28.Bf4+ Kd8
29.Be3 Rg4 30.h3 Rg3 31.Kf2 h4 32.Rb3 f6 33.Be2 Rg7 34.Bf3 Be6 35.Ke2 Ke8
36.Bf2 Rh7 37.Ke3 Ne7 38.Rb8+ Kd7 39.Kd2 Kc7 40.Rf8 Rh6 41.Be3 Rg6 42.Bf4+ Kc6
43.Re8 Kd7 44.Ra8 Nc8 45.Rb8 Kc6 46.Kc3 Rg7 47.Bd1  1-0

[Event "Moscow Open F Women"]
[Site "Moscow RUS"]
[Date "2011.02.06"]
[Round "9.24"]
[White "Bivol,A"]
[Black "Maidanova,I"]
[Result "1-0"]
[WhiteElo "2114"]
[BlackElo "1871"]

1.e4 c5 2.c3 Nf6 3.e5 Nd5 4.d4 cxd4 5.Nf3 e6 6.cxd4 Nc6 7.Nc3 d6 8.exd6 Bxd6
9.Bd3 O-O 10.Nxd5 exd5 11.h3 Bb4+ 12.Bd2 Re8+ 13.Kf1 Bxd2 14.Qxd2 Qf6 15.Qg5 Qxg5
16.Nxg5 h6 17.Nf3 Nb4 18.Bb5 Re4 19.a3 Nc2 20.Rd1 Bf5 21.Kg1 Rc8 22.Kh2 a6
23.Ba4 Re2 24.Kg3 b5 25.Bb3 Rc6 26.Ne5 Rd6 27.Ng4 Bxg4 28.hxg4 Rf6 29.Bxd5 Rexf2
30.Bf3 R2xf3+ 31.gxf3 Rd6 32.Rd2 Nxd4 33.Rhd1 Ne2+ 34.Kf2 Rxd2 35.Rxd2 Nf4
36.Rd6 a5 37.Ke3 Ne6 38.Rd5 b4 39.Rxa5 bxa3 40.bxa3 Kf8 41.Ra7 Ke8 42.a4 Nd8
43.Ke4 Nc6 44.Rc7 Na5 45.Kd5 g6 46.Rc8+ Kd7 47.Rb8 Kc7 48.Rf8 f5 49.Rf7+ Kb6
50.Rf6+ Kc7  1-0

[Event "1st Open"]
[Site "Cento ITA"]
[Date "2011.02.08"]
[Round "4"]
[White "La Bella,R"]
[Black "Gromovs,S"]
[Result "0-1"]
[WhiteElo "2138"]
[BlackElo "2284"]

1.e4 c5 2.c3 Nf6 3.e5 Nd5 4.d4 cxd4 5.Nf3 d6 6.Bc4 e6 7.cxd4 Nc6 8.O-O Be7
9.Qe2 Nb6 10.Bb3 d5 11.a3 Bd7 12.Be3 Na5 13.Bc2 Rc8 14.b3 a6 15.Rc1 O-O 16.Qd3 g6
17.Bd2 Nc6 18.Qe3 f5 19.Qh6 a5 20.Nc3 Rf7 21.Nb5 Rg7 22.Bd3 a4 23.b4 Nc4
24.Bxc4 dxc4 25.Nd6 Bxd6 26.exd6 b5 27.Bc3 g5 28.Ne5 Nxe5 29.dxe5 Rg6 30.Qh3 Bc6
31.Qe3 Qd7 32.Qb6 f4 33.Qd4 Rf8 34.f3 h5 35.Kf2 g4 36.Bd2 gxf3 37.gxf3  0-1

[Event "75th ch-BUL Semi-Final"]
[Site "Plovdiv BUL"]
[Date "2011.02.08"]
[Round "2"]
[White "Nikolov,J"]
[Black "Kolev,H"]
[Result "1-0"]
[WhiteElo "2101"]
[BlackElo "1775"]

1.e4 c5 2.c3 Nf6 3.e5 Nd5 4.Nf3 Nc6 5.d4 cxd4 6.cxd4 d6 7.Bc4 e6 8.O-O Be7
9.Qe2 O-O 10.Re1 dxe5 11.dxe5 Nb6 12.Bd3 Nd4 13.Nxd4 Qxd4 14.Rd1 Qh4 15.Nc3 Bd7
16.Be4 Bc6 17.Bxc6 bxc6 18.Rd3 Rfd8 19.Rh3 Qd4 20.Qh5 h6 21.Bxh6 g6 22.Qe2 Nd5
23.Bd2 Nb4 24.Be1 Nd5 25.Nxd5 cxd5 26.Rd1 Qb6 27.Qd2 Bf8 28.Qd4 Rac8 29.Bc3 Rc4
30.Qxb6 axb6 31.Rhd3 Rdc8 32.Kf1 b5 33.Bd4 Bh6 34.Be3 Bg7 35.f4 g5 36.g3 Kh7
37.Ke2 g4 38.Rb3 b4 39.Rbd3 Kg6 40.Rd4 Rxd4 41.Rxd4 Rc2+ 42.Rd2 Rxd2+ 43.Kxd2 Bf8
44.Kd3 Kf5 45.Bb6 Be7 46.Kd4 f6 47.Bc7 fxe5+ 48.fxe5 Bg5 49.a4 Bc1 50.b3 Bb2+
51.Kc5 d4 52.Kc4 Ke4 53.Bd8 Bc1 54.Be7 d3 55.Bxb4 d2 56.Bxd2 Bxd2 57.b4 Kxe5
58.Kc5 Be3+ 59.Kc6 Kd4 60.b5 Kd3 61.a5 e5 62.a6 e4 63.b6 Bxb6 64.Kxb6 e3
65.a7 e2 66.a8=Q e1=Q 67.Qd5+ Ke3 68.Qe5+ Kd2 69.Qd4+ Kc2 70.Qxg4 Qe3+ 71.Kc6 Qh6+
72.Kd5 Qxh2 73.Qe4+ Kd2 74.g4 Qc7 75.Qd4+ Ke2 76.Qc4+  1-0

[Event "75th ch-BUL Semi-Final"]
[Site "Plovdiv BUL"]
[Date "2011.02.09"]
[Round "4"]
[White "Nikolov,J"]
[Black "Andreev,Sa"]
[Result "1/2-1/2"]
[WhiteElo "2101"]
[BlackElo "2228"]

1.e4 c5 2.c3 Nf6 3.e5 Nd5 4.Nf3 g6 5.Bc4 Nb6 6.Bb3 Bg7 7.O-O O-O 8.d4 cxd4
9.cxd4 d6 10.h3 Nc6 11.Bf4 dxe5 12.dxe5 Nb4 13.Bg5 Qc7 14.Qe2 Nc6 15.e6 fxe6
16.Bxe6+ Kh8 17.Bxc8 Raxc8 18.Nc3 a6 19.Rad1 Rcd8 20.Qe4 Nc8 21.Rd5 Rxd5
22.Qxd5 Qd6 23.Qe4 Qb4 24.Qxb4 Nxb4 25.Rd1 b5 26.Be3 Bf6 27.Nd4 Rd8 28.a3 e5
29.Ndxb5 Rxd1+ 30.Nxd1 Nc6 31.Nc7 a5 32.Nd5 Bg7 33.N1c3 Nd6 34.b4 axb4 35.axb4 Nd4
36.Bg5 Kg8 37.Be7 Nc4 38.b5 Kf7 39.Bc5 Ke6 40.Nb6 Na5 41.Nba4 Bh6 42.Kf1 Nb7
43.Ba7 Bf8 44.Bxd4 exd4 45.Ne4 Kd5 46.Nf6+ Kc4 47.Nxh7 Ba3 48.Nb6+ Kxb5 49.Nd5 Bc1
50.Ke2 Kc4 51.Nhf6 Nc5 52.Kd1 Bg5 53.f4 Bh4 54.Nb6+ Kd3 55.Ng4 Ke4 56.Ne5 Bd8
57.Nbc4 Kxf4 58.Nxg6+ Kg3 59.h4 Bxh4  1/2-1/2